[Event "Spakenburg FishPartners op"]
[Site "Spakenburg"]
[Date "2022.07.02"]
[Round "6"]
[White "Jakhari, Ansh"]
[Black "Bosboom, Manuel"]
[Result "0-1"]
[WhiteElo "2005"]
[BlackElo "2406"]
[PlyCount "105"]
[EventDate "2022.07.02"]
[EventType "swiss"]
[EventRounds "7"]
[EventCountry "NED"]
[SourceTitle "EXT 2023"]
[Source "ChessBase"]
[SourceDate "2022.10.05"]
[SourceVersion "1"]
[SourceVersionDate "2022.10.05"]
[SourceQuality "1"]

1. e4 c5 2. Nf3 d6 3. d4 cxd4 4. Nxd4 Nf6 5. Nc3 a6 6. h3 h5 7. Bg5 e6 8. g3 b5 9. Bg2 Bb7 10. 0-0 Nbd7 11. Re1 Qb6 12. Qd2 Be7 13. a4 b4 14. Na2 a5 15. Rad1 Nc5 16. Nb5 Rd8 17. b3 e5 18. Nc1 Ncxe4 19. Bxe4 Nxe4 20. Rxe4 Bxe4 21. Bxe7 Kxe7 22. Qg5+ Kf8 23. Nd3 f6 24. Qd2 Ba8 25. Ne1 Qc6 26. f3 d5 27. Qf2 d4 28. Kf1 Kf7 29. Rd3 Rhe8 30. Ng2 e4 31. Nxd4 exd3 32. Nxc6 d2 33. Nxd8+ Rxd8 34. Ne3 d1Q+ 35. Nxd1 Rxd1+ 36. Kg2 Rd7 37. Qc5 Rd2+ 38. Kf1 Bxf3 39. Qxa5 Rxc2 40. Qxb4 Bg2+ 41. Ke1 Bxh3 42. Qb7+ Kg6 43. Qe4+ Bf5 44. Qd4 Ra2 45. Qc5 Rc2 46. Qb5 Kg5 47. a5 Ra2 48. a6 Kg4 49. Qb6 Be4 50. Qc5 Rxa6 51. Qe3 Re6 52. Qe2+ Kg5 53. Qf2 0-1

[Event "Arandjelovac ASK-7 IM"]
[Site "Arandjelovac"]
[Date "2022.03.03"]
[Round "5"]
[White "Jakhari, Ansh"]
[Black "Ostojic, Nikola"]
[Result "0-1"]
[WhiteElo "2055"]
[BlackElo "2309"]
[PlyCount "78"]
[EventDate "2022.02.28"]
[EventType "swiss"]
[EventRounds "9"]
[EventCountry "SRB"]
[SourceTitle "CBM 207 Extra"]
[Source "ChessBase"]
[SourceDate "2022.05.31"]
[SourceVersion "1"]
[SourceVersionDate "2022.05.31"]
[SourceQuality "1"]

1. e4 c6 2. Nf3 d5 3. Nc3 Bg4 4. h3 Bxf3 5. Qxf3 Nf6 6. e5 Nfd7 7. d4 e6 8. Qg3 Qb6 9. Qf4 c5 10. dxc5 Bxc5 11. Bd3 Bd4 12. Na4 Qa5+ 13. Bd2 Qxa4 14. b3 Qa3 15. Qxd4 Nc6 16. Qg4 Qb2 17. 0-0 Ndxe5 18. Qg3 Nxd3 19. Qxd3 0-0 20. c3 Rfc8 21. f4 d4 22. Rfb1 Qa3 23. cxd4 Qd6 24. Bc3 Qxf4 25. Rf1 Qd6 26. Rad1 Ne7 27. Qf3 f6 28. d5 Nxd5 29. Bd4 Rd8 30. Rd2 Rd7 31. Qg4 Qc6 32. Rdf2 b6 33. Re2 Qd6 34. Rd2 e5 35. Bb2 Rad8 36. Rf3 Qc6 37. Rfd3 b5 38. Qg3 Qc5+ 39. Kh2 b4 0-1

[Event "Arandjelovac ASK-7 IM"]
[Site "Arandjelovac"]
[Date "2022.03.01"]
[Round "3"]
[White "Joshua, AP."]
[Black "Jakhari, Ansh"]
[Result "1/2-1/2"]
[WhiteElo "2144"]
[BlackElo "2055"]
[PlyCount "125"]
[EventDate "2022.02.28"]
[EventType "swiss"]
[EventRounds "9"]
[EventCountry "SRB"]
[SourceTitle "CBM 207 Extra"]
[Source "ChessBase"]
[SourceDate "2022.05.31"]
[SourceVersion "1"]
[SourceVersionDate "2022.05.31"]
[SourceQuality "1"]

1. Nf3 Nf6 2. g3 d5 3. Bg2 e6 4. 0-0 Be7 5. d3 0-0 6. Nbd2 c5 7. e4 Nc6 8. Re1 b5 9. e5 Nd7 10. Nf1 a5 11. h4 Bb7 12. h5 h6 13. c3 b4 14. Bf4 a4 15. a3 bxc3 16. bxc3 Qa5 17. Qd2 Rfd8 18. N1h2 Rab8 19. g4 d4 20. c4 Qxd2 21. Nxd2 Na5 22. Ne4 Bc6 23. Nf3 Rb3 24. Bd2 Ra8 25. Bxa5 Rxa5 26. Bf1 Ra8 27. Nfd2 Rb2 28. f4 Rab8 29. Rec1 Bd8 30. Bg2 Ba5 31. Nf1 R8b3 32. Rd1 Bc3 33. Nfd2 Bxe4 34. Nxe4 Rxg2+ 35. Kxg2 Bxa1 36. Rxa1 Rxd3 37. Rb1 Re3 38. Nf2 Rb3 39. Rxb3 axb3 40. Nd3 Kf8 41. Kf3 Ke8 42. Ke2 Kd8 43. Kd1 Nb6 44. Nxc5 b2 45. Kc2 Nxc4 46. a4 Kc7 47. Nd3 Ne3+ 48. Kxb2 Nxg4 49. Kb3 Ne3 50. Kb4 Kb6 51. a5+ Ka6 52. Nc5+ Ka7 53. Ne4 Nd5+ 54. Kc4 Nxf4 55. Kxd4 Nxh5 56. Nd6 f5 57. exf6 gxf6 58. Nf7 Ka6 59. Nxh6 Kxa5 60. Ng4 f5 61. Nf2 Kb5 62. Ke5 Ng7 63. Nd3 1/2-1/2

[Event "Skalica op"]
[Site "Skalica"]
[Date "2021.08.24"]
[Round "4"]
[White "Hrbek, Stepan"]
[Black "Jakhari, Ansh"]
[Result "1-0"]
[WhiteElo "2258"]
[BlackElo "1980"]
[PlyCount "107"]
[EventDate "2021.08.21"]
[EventType "swiss"]
[EventRounds "9"]
[EventCountry "SVK"]
[SourceTitle "CBM 204 Extra"]
[Source "ChessBase"]
[SourceDate "2021.11.30"]
[SourceVersion "1"]
[SourceVersionDate "2021.11.30"]
[SourceQuality "1"]

1. e4 c5 2. Nf3 d6 3. d4 cxd4 4. Nxd4 Nf6 5. Nc3 e6 6. g4 h6 7. h4 Nc6 8. Rg1 d5 9. Bb5 Bd7 10. exd5 Nxd5 11. Nxd5 exd5 12. g5 Bc5 13. Qe2+ Kf8 14. Bxc6 bxc6 15. Be3 Qa5+ 16. Qd2 Qxd2+ 17. Kxd2 hxg5 18. hxg5 Bd6 19. Nb3 Ke7 20. Bd4 Rh2 21. Rh1 Rxh1 22. Rxh1 Bf4+ 23. Be3 Bxe3+ 24. Kxe3 Re8 25. Rh4 Kd6+ 26. Kd2 c5 27. Rf4 Be6 28. Ra4 Re7 29. Ra6+ Ke5 30. Nxc5 Kf5 31. b4 Kxg5 32. b5 Kf5 33. Kc3 Rc7 34. Kd4 Kf6 35. Ra3 Ke7 36. Rc3 Kd6 37. a4 Rc8 38. Nb7+ Kd7 39. Nc5+ Kd6 40. f3 Rh8 41. Nxe6 fxe6 42. Rc6+ Kd7 43. Ra6 Rh4+ 44. Kc3 Rc4+ 45. Kd3 Rc7 46. Kd4 g6 47. Ke5 Rxc2 48. Rxa7+ Kc8 49. a5 Rc5 50. b6 Rb5 51. Kd6 Rb3 52. Rc7+ Kb8 53. Rh7 Ra3 54. a6 1-0

[Event "Suwalki Warakomska Memorial op 4th"]
[Site "Suwalki"]
[Date "2020.08.13"]
[Round "9"]
[White "Jakhari, Ansh"]
[Black "Jurkiewicz, Krzysztof1111"]
[Result "1-0"]
[WhiteElo "1936"]
[BlackElo "2011"]
[PlyCount "68"]
[EventDate "2020.08.06"]
[EventType "swiss"]
[EventRounds "9"]
[EventCountry "POL"]
[SourceTitle "CBM 197 Extra"]
[Source "ChessBase"]
[SourceDate "2020.09.30"]
[SourceVersion "1"]
[SourceVersionDate "2020.09.30"]
[SourceQuality "1"]

1. e4 c5 2. Nf3 d6 3. d4 cxd4 4. Nxd4 Nf6 5. Nc3 g6 6. Be3 Bg7 7. f3 0-0 8. Qd2 Nc6 9. Bc4 Nd7 10. 0-0-0 Nb6 11. Bb3 Na5 12. Qd3 Bd7 13. h4 Rc8 14. h5 Nbc4 15. hxg6 hxg6 16. Bh6 e5 17. Bxg7 Qg5+ 18. Kb1 Kxg7 19. Nde2 b5 20. g3 b4 21. f4 exf4 22. gxf4 Qf6 23. e5 Qf5 24. Ne4 Bb5 25. Nf6 Rh8 26. Qxf5 Rxh1 27. Nh5+ Rxh5 28. Qxc8 Nb6 29. Qg4 dxe5 30. Rg1 Rh2 31. Nc1 Nbc4 32. Bxc4 Nxc4 33. Qg3 Rh5 34. Qg4 a5 1-0

[Event "Suwalki Warakomska Memorial op 4th"]
[Site "Suwalki"]
[Date "2020.08.09"]
[Round "5"]
[White "Jakhari, Ansh"]
[Black "Budzisz, Adrian"]
[Result "1/2-1/2"]
[WhiteElo "1936"]
[BlackElo "1901"]
[PlyCount "149"]
[EventDate "2020.08.06"]
[EventType "swiss"]
[EventRounds "9"]
[EventCountry "POL"]
[SourceTitle "CBM 197 Extra"]
[Source "ChessBase"]
[SourceDate "2020.09.30"]
[SourceVersion "1"]
[SourceVersionDate "2020.09.30"]
[SourceQuality "1"]

1. e4 e6 2. d4 d5 3. Nd2 c5 4. exd5 exd5 5. Ngf3 Nf6 6. Bd3 c4 7. Be2 Bd6 8. 0-0 Nc6 9. Re1 0-0 10. Nf1 h6 11. Ne3 Be6 12. c3 b5 13. g3 Qc7 14. Ng2 Rfe8 15. Bf4 Bf5 16. Nfh4 Bh7 17. Bxd6 Qxd6 18. Ne3 Ne4 19. Bf3 Rad8 20. Nhg2 Ne7 21. a4 a6 22. axb5 axb5 23. Ra7 Ng5 24. Bg4 b4 25. Qa4 bxc3 26. bxc3 Ne4 27. Rc1 f5 28. Be2 Qb8 29. Nf4 Qb2 30. Rc2 Qb1+ 31. Kg2 Qe1 32. Bd1 Nxc3 33. Qa5 Nc6 34. Qc7 Re7 35. Qxc6 Rxa7 36. Qb6 Rda8 37. Qb4 Ra4 38. Qxc3 Qxc3 39. Rxc3 Ra3 40. Nfxd5 f4 41. Nxc4 Be4+ 42. Kh3 Bf5+ 43. g4 Rxc3+ 44. Nxc3 Bd3 45. Bb3 Bf1+ 46. Kh4 g5+ 47. Kh5 Kg7 48. Ne4 Bxc4 49. Bxc4 Ra3 50. Bf1 Ra4 51. Nd6 Ra2 52. Nf5+ Kf6 53. Nd6 Kg7 54. Ne4 Ra4 55. Nc5 Ra2 56. Nd3 Ra1 57. Bg2 Rd1 58. Be4 f3 59. Ne5 Rxd4 60. Bxf3 Rd2 61. h4 Rxf2 62. Ng6 Rxf3 63. hxg5 hxg5 64. Kxg5 Ra3 65. Ne5 Ra5 66. Kf5 Ra1 67. g5 Rf1+ 68. Kg4 Rf2 69. Kg3 Rf5 70. Nf3 Ra5 71. Kg4 Ra4+ 72. Kf5 Ra1 73. Ne5 Re1 74. Kf4 Rf1+ 75. Kg4 1/2-1/2

[Event "Paris ChessMates 3rd"]
[Site "Paris"]
[Date "2019.03.29"]
[Round "2.2"]
[White "Poliato, Irina"]
[Black "Jakhari, Ansh"]
[Result "0-1"]
[WhiteElo "1502"]
[BlackElo "1630"]
[PlyCount "122"]
[EventDate "2019.03.29"]
[EventType "team-tourn"]
[EventRounds "5"]
[EventCountry "FRA"]
[SourceTitle "CBM 189 Extra"]
[Source "ChessBase"]
[SourceDate "2019.06.03"]
[SourceVersion "1"]
[SourceVersionDate "2019.06.03"]
[SourceQuality "1"]
[WhiteTeam "Murmansk Region"]
[BlackTeam "Rotterdam Pathena"]
[WhiteTeamCountry "RUS"]
[BlackTeamCountry "NED"]

1. d4 Nf6 2. c4 e6 3. Nc3 d5 4. Nf3 Bb4 5. e3 0-0 6. Be2 c5 7. cxd5 Nxd5 8. Bd2 Nc6 9. 0-0 cxd4 10. exd4 Nde7 11. Be3 Nf5 12. Bd3 Nxe3 13. fxe3 f5 14. Qe2 a6 15. a3 Ba5 16. Rad1 Bxc3 17. bxc3 Qa5 18. Qb2 Rb8 19. Nd2 Bd7 20. Rf3 Be8 21. Rh3 e5 22. Rf1 Bd7 23. Nc4 Qc7 24. Qe2 g6 25. Qe1 b5 26. Nd2 Be6 27. Nf3 Qd8 28. Rg3 e4 29. Ng5 Bd5 30. Be2 h6 31. Nh3 g5 32. Nf4 Kh7 33. Nh5 Rb7 34. h4 gxh4 35. Rh3 Qg5 36. Nf4 Bb3 37. Rxh4 Rg8 38. Rh5 Qf6 39. Nh3 Rbg7 40. g4 Ne7 41. Kh1 Rg6 42. gxf5 Rg3 43. Qf2 Bf7 44. Nf4 Bxh5 45. Bxh5 Qh4+ 46. Qh2 Qxh2+ 47. Kxh2 Nxf5 48. Bg6+ R3xg6 49. Nxg6 Kxg6 50. Rf4 Re8 51. d5 Nxe3 52. d6 Nd5 53. d7 Rd8 54. Rxe4 Kf5 55. Rh4 Kg5 56. Kg3 Rxd7 57. Rg4+ Kf5 58. c4 bxc4 59. Rxc4 Rc7 60. Rd4 Rc3+ 61. Kh4 Nf4 0-1